Laddar...
தவிப்பு
| Huvudupphovsmän: | , |
|---|---|
| Materialtyp: | Printed Book |
| Publicerad: |
Chennai
Kavya
2004
|
| Ämnen: |
| LEADER | 00485nam a22001577a 4500 | ||
|---|---|---|---|
| 082 | |a 894.811301 |b MAN/T | ||
| 100 | |a Maninath | ||
| 100 | |a மணிநாத் | ||
| 240 | |a Thavippu | ||
| 245 | |a தவிப்பு | ||
| 260 | |a Chennai |b Kavya |c 2004 | ||
| 300 | |a XII,149p. | ||
| 650 | |a Tamil Short Story | ||
| 942 | |c BK | ||
| 999 | |c 315888 |d 315888 | ||
| 952 | |0 0 |1 0 |4 0 |6 894_811301000000000_MAN_T |7 0 |9 337866 |a TAM |b TAM |d 2020-12-02 |g 80.00 |l 0 |o 894.811301 MAN/T |p TAM21377 |r 2020-12-02 |w 2020-12-02 |y BK | ||